000 00778nam a2200241 i 4500
001 31940
003 ES-MaACL
005 20240426125956.0
007 t|
008 030130s1973 sp ||||1| spa d
020 _a84-7329-010-0
080 _a929:75 Picasso, Pablo
100 1 _aBerger, John.
_927959
245 1 0 _aAscensión y caída de Picasso /
_cJohn Berger ; [traducción y prólogo, Manuel de la Escalera].
260 _aMadrid :
_bAkal,
_c[1973]
300 _a174 p., 32 lám. ;
_c21 cm.
490 1 _aAkal mensual ;
_v4
600 1 7 _aPicasso, Pablo,
_d1881-1973-
_xBiografías
_2
_9168871
700 0 _aEscalera, Manuel de la,
_d1895-1994
_947481
830 1 _aAkal mensual ;
_v4
_9182398
852 _aES-MaACL
_jC-52408
999 _c31940
_d31940